NLSUI OPAC header image

Indian philosophy and religion : A reader's guide (Record no. 19190)

MARC details
000 -LEADER
fixed length control field 00856nam a2200217Ia 4500
003 - CONTROL NUMBER IDENTIFIER
control field OSt
005 - DATE AND TIME OF LATEST TRANSACTION
control field 20210916121109.0
008 - FIXED-LENGTH DATA ELEMENTS--GENERAL INFORMATION
fixed length control field 160316s1990 xxu||||| |||| 00| 0 eng d
020 ## - INTERNATIONAL STANDARD BOOK NUMBER
International Standard Book Number 9788124601167
040 ## - CATALOGING SOURCE
Transcribing agency .
082 ## - DEWEY DECIMAL CLASSIFICATION NUMBER
Classification number 181.14 PAD
Item number PAD
100 ## - MAIN ENTRY--PERSONAL NAME
Personal name Padhi Bibhu
245 ## - TITLE STATEMENT
Title Indian philosophy and religion : A reader's guide
260 ## - PUBLICATION, DISTRIBUTION, ETC.
Place of publication, distribution, etc. New Delhi
Name of publisher, distributor, etc. D K Printworld (P) Ltd.
Date of publication, distribution, etc. 1990
300 ## - PHYSICAL DESCRIPTION
Extent 413p
Dimensions ix
365 ## - TRADE PRICE
Price amount Gratis
505 ## - FORMATTED CONTENTS NOTE
Formatted contents note Contents<br/>Preface<br/>1. Introduction: The Vedas, the Upanishads, the Bhagavad-Gita<br/>2. Charvaka and Indi'an Materialism<br/>3. Jainism<br/>4. Buddhism<br/>5. Vaisesika-Nyaya<br/>6. Samkhya-Yoga<br/>7. Purva Mimamsa<br/>8. Vedanta (Uttara-Mimamsii)<br/>9. Hindu Gods and Goddesses<br/>Glossary of Major Terms<br/>Index<br/><br/>
650 ## - SUBJECT ADDED ENTRY--TOPICAL TERM
Topical term or geographic name entry element 1. Philosophy - India2. Religion - India
700 ## - ADDED ENTRY--PERSONAL NAME
Personal name padhi Minakshi
--
942 ## - ADDED ENTRY ELEMENTS (KOHA)
Source of classification or shelving scheme Dewey Decimal Classification
Koha item type BOOKs
Holdings
Withdrawn status Lost status Damaged status Not for loan Home library Current library Shelving location Date acquired Total Checkouts Full call number Barcode Date last seen Price effective from Koha item type
        . .   30.05.2017   181.14 PAD 16941 30.05.2017 30.05.2017 BOOKs